| 000 | 00593nam a2200193 a 4500 | ||
|---|---|---|---|
| 005 | 20260206064028.0 | ||
| 008 | 991125s1973 mx 000 0 spa u | ||
| 020 | _a0130220469 | ||
| 035 | _aUPN01000001575 | ||
| 049 | _aCG | ||
| 050 | 4 |
_aQA184 _bH6.48 |
|
| 100 | 1 | _aHoffman, Kenneth | |
| 245 | 1 | 0 |
_aAlgebra lineal / _cKenneth Hoffman, Ray Kunze ; tr. y adaptación Hugo Finsterbusch. |
| 260 |
_aMéxico : _bPrentice-Hall Internacional, _c1973. |
||
| 300 | _a400 p. | ||
| 650 | 4 |
_aÁlgebra lineal _xEstudio y enseñanza _92157 |
|
| 700 | 1 |
_aKunze, Ray Alden, _d1928- , _ecoaut. |
|
| 905 | _aLibro | ||
| 999 |
_c1575 _d1575 |
||